[Event "HUN-chT2 Toth 0506"]
[Site "Hungary"]
[Date "2005.11.27"]
[Round "4"]
[White "Hajdu, Balazs"]
[Black "Nagy, Janos"]
[Result "0-1"]
[WhiteElo "2169"]
[BlackElo "2205"]
[PlyCount "60"]
[EventDate "2005.10.16"]
[EventType "team"]
[EventRounds "11"]
[EventCountry "HUN"]
[SourceTitle "EXT 2009"]
[Source "ChessBase"]
[SourceDate "2008.11.26"]
[SourceVersion "1"]
[SourceVersionDate "2008.11.26"]
[SourceQuality "1"]
[WhiteTeam "Szentes"]
[BlackTeam "Mako"]
[WhiteTeamCountry "HUN"]
[BlackTeamCountry "HUN"]

1. e4 c5 2. d3 Nc6 3. Nf3 g6 4. g3 Bg7 5. Bg2 e6 6. 0-0 Nge7 7. Re1 0-0 8. e5 Qc7 9. Qe2 h6 10. h4 b6 11. Nbd2 Bb7 12. Nf1 Rac8 13. c3 Ba6 14. N1h2 Kh7 15. c4 Nf5 16. Bf4 Bb7 17. Qd2 Ncd4 18. Nxd4 Nxd4 19. f3 g5 20. hxg5 hxg5 21. Bxg5 Bxe5 22. f4 Bg7 23. Rab1 Nf5 24. Bh4 Bd4+ 25. Kh1 Rg8 26. Be4 Bxe4+ 27. dxe4 Nxg3+ 28. Bxg3 Rxg3 29. Nf1 Rg1+ 30. Kh2 Rcg8 0-1

[Event "HUN-chT2 Maroczy 0203"]
[Site "Hungary"]
[Date "2003.02.02"]
[Round "6.7"]
[White "Martini, Balazs"]
[Black "Nagy, Janos"]
[Result "1-0"]
[WhiteElo "2289"]
[BlackElo "2253"]
[PlyCount "153"]
[EventDate "2002.09.22"]
[EventType "team"]
[EventRounds "11"]
[EventCountry "HUN"]
[SourceTitle "EXT 2004"]
[Source "ChessBase"]
[SourceDate "2003.11.25"]
[SourceVersion "1"]
[SourceVersionDate "2003.11.25"]
[SourceQuality "1"]
[WhiteTeam "Husi"]
[BlackTeam "Mako"]
[WhiteTeamCountry "HUN"]
[BlackTeamCountry "HUN"]

1. d4 d6 2. Bf4 g6 3. c3 Bg7 4. Nf3 Nd7 5. e3 Ngf6 6. Be2 0-0 7. 0-0 c5 8. Nbd2 b6 9. a4 a6 10. h3 Bb7 11. Qb3 Rb8 12. Rfd1 b5 13. axb5 axb5 14. dxc5 Nxc5 15. Qc2 Nd5 16. Bh2 Qb6 17. Nb3 Rfc8 18. Nfd4 b4 19. c4 Nf6 20. Ra5 Ba6 21. Rda1 Ra8 22. Bf3 d5 23. Nxc5 Rxc5 24. Rxc5 Qxc5 25. cxd5 Qxc2 26. Nxc2 b3 27. Nb4 Bb7 28. Rxa8+ Bxa8 29. Be5 Kf8 30. Kf1 Ke8 31. Ke2 Kd7 32. Kd3 Nxd5 33. Bxd5 Bxd5 34. Bxg7 Bxg2 35. h4 f6 36. e4 h5 37. e5 Ke6 38. Kd4 g5 39. exf6 exf6 40. hxg5 fxg5 41. Nd3 Kf5 42. Be5 Be4 43. Nc5 Bc2 44. Bd6 h4 45. f3 g4 46. fxg4+ Kxg4 47. Kc3 Kf3 48. Nxb3 Bd1 49. Nd4+ Kg2 50. Nf5 Ba4 51. Nxh4+ Kh3 52. Nf3 Kg4 53. Nd4 Kg5 54. b4 Kf6 55. b5 Bxb5 56. Nxb5 Ke6 57. Kd4 Kd7 58. Kd5 Kc8 59. Kc6 Kd8 60. Nc7 Kc8 61. Bc5 Kb8 62. Bb6 Kc8 63. Ba7 Kd8 64. Nd5 Kc8 65. Ne7+ Kd8 66. Kd6 Ke8 67. Ke6 Kd8 68. Bb6+ Ke8 69. Nf5 Kf8 70. Bc7 Ke8 71. Ng7+ Kf8 72. Kf6 Kg8 73. Kg6 Kf8 74. Bd6+ Kg8 75. Nh5 Kh8 76. Bf8 Kg8 77. Bh6 1-0

[Event "HUN-chT2 Maroczy 0203"]
[Site "Hungary"]
[Date "2002.12.08"]
[Round "4.7"]
[White "Ondok, Laszlo"]
[Black "Nagy, Janos"]
[Result "1/2-1/2"]
[WhiteElo "2186"]
[BlackElo "2253"]
[PlyCount "141"]
[EventDate "2002.09.22"]
[EventType "team"]
[EventRounds "11"]
[EventCountry "HUN"]
[SourceTitle "EXT 2004"]
[Source "ChessBase"]
[SourceDate "2003.11.25"]
[SourceVersion "1"]
[SourceVersionDate "2003.11.25"]
[SourceQuality "1"]
[WhiteTeam "Metroepszolg"]
[BlackTeam "Mako"]
[WhiteTeamCountry "HUN"]
[BlackTeamCountry "HUN"]

1. e4 g6 2. d4 Bg7 3. Nc3 d6 4. f4 Nf6 5. Nf3 0-0 6. Bd3 c5 7. dxc5 dxc5 8. Be3 Qa5 9. 0-0 Ng4 10. Bd2 c4 11. Be2 Qb6+ 12. Kh1 Qxb2 13. Rb1 Qa3 14. Nd5 Nc6 15. h3 Nf6 16. Nxf6+ Bxf6 17. e5 c3 18. Rb3 Qxa2 19. Bxc3 Bg7 20. Qd2 Bf5 21. Rb2 Qa4 22. Rxb7 Qxc2 23. Rc1 Qxd2 24. Bxd2 Be4 25. Rc7 Rac8 26. Rxc8 Rxc8 27. Be3 f6 28. Bc4+ Kh8 29. Be6 Rc7 30. Nd2 Bf5 31. Bd5 Bd7 32. e6 Be8 33. f5 gxf5 34. Bf4 Rc8 35. Nf3 a5 36. Nd4 Na7 37. Nxf5 Bf8 38. Ra1 Rc5 39. Ne3 a4 40. Kg1 Bg7 41. Ba2 f5 42. Rd1 Nc6 43. Nd5 a3 44. Nxe7 Nxe7 45. Bd6 Rc2 46. Bb1 Rb2 47. Bxa3 Rb7 48. Bc2 Nc6 49. Bxf5 Nd4 50. Be4 Rb3 51. Bc5 Re3 52. Bd5 Ne2+ 53. Kf2 Re5 54. Bd6 Nc3 55. Bxe5 Nxd1+ 56. Ke1 Bxe5 57. Kxd1 Kg7 58. Ke2 Kf6 59. Kf3 Bg6 60. Bc4 Be8 61. Bd5 h5 62. g3 Ba4 63. Bc4 Bc6+ 64. Kf2 Bd4+ 65. Kf1 Bc5 66. Be2 Be8 67. Bf3 Kxe6 68. h4 Kf5 69. Kg2 Ke5 70. g4 Kf4 71. gxh5 1/2-1/2

[Event "HUN-chT 0102"]
[Site "Hungary"]
[Date "2001.12.02"]
[Round "4"]
[White "Bernei, Andras"]
[Black "Nagy, Janos"]
[Result "1/2-1/2"]
[WhiteElo "2330"]
[BlackElo "2255"]
[PlyCount "24"]
[EventDate "2001.??.??"]
[EventType "team"]
[EventRounds "11"]
[EventCountry "HUN"]
[SourceTitle "EXT 2004"]
[Source "ChessBase"]
[SourceDate "2003.11.25"]
[SourceVersion "1"]
[SourceVersionDate "2003.11.25"]
[SourceQuality "1"]

1. Nf3 g6 2. d4 Bg7 3. c4 d6 4. Nc3 Nf6 5. Bg5 h6 6. Bh4 0-0 7. e3 c5 8. Be2 Nc6 9. d5 Na5 10. 0-0 b6 11. Rc1 g5 12. Bg3 Nh5 1/2-1/2

[Event "HUN-chT2 Maroczy 0001"]
[Site "Hungary"]
[Date "2001.03.04"]
[Round "8"]
[White "Nagy, Janos"]
[Black "Horvath, Karoly"]
[Result "1-0"]
[WhiteElo "2261"]
[BlackElo "2103"]
[PlyCount "81"]
[EventDate "2000.11.26"]
[EventType "team"]
[EventRounds "11"]
[EventCountry "HUN"]
[SourceTitle "EXT 2007"]
[Source "ChessBase"]
[SourceDate "2006.11.23"]
[SourceVersion "1"]
[SourceVersionDate "2006.11.23"]
[SourceQuality "1"]
[WhiteTeam "Mako"]
[BlackTeam "Debrecen Nyomdasz"]
[WhiteTeamCountry "HUN"]
[BlackTeamCountry "HUN"]

1. e4 e6 2. d4 d5 3. Nd2 dxe4 4. Nxe4 Nd7 5. Nf3 Ngf6 6. Ng3 Bd6 7. Bd3 0-0 8. 0-0 b6 9. b3 Bb7 10. Bb2 c5 11. Re1 Qc7 12. Ne4 Nxe4 13. Bxe4 Bxe4 14. Rxe4 Nf6 15. Rh4 Rfd8 16. Qe2 Be7 17. c4 h6 18. Re1 Nh7 19. Re4 Nf6 20. Re3 Ng4 21. Rxe6 Bh4 22. g3 fxe6 23. Nxh4 h5 24. h3 Nf6 25. dxc5 bxc5 26. Bxf6 gxf6 27. Qxe6+ Qf7 28. Qf5 Re8 29. Rxe8+ Rxe8 30. Qxc5 Re1+ 31. Kg2 Qb7+ 32. Nf3 Re2 33. Qxh5 Rxa2 34. Qg6+ Qg7 35. Qe4 Rb2 36. Nd4 Qd7 37. c5 Rd2 38. c6 Qd6 39. Nf5 Qc5 40. Qe6+ Kh7 41. Qf7+ 1-0

[Event "HUN-chT2 Maroczy 0001"]
[Site "Hungary"]
[Date "2001.02.25"]
[Round "7"]
[White "Berta, Krisztian"]
[Black "Nagy, Janos"]
[Result "1/2-1/2"]
[WhiteElo "2219"]
[BlackElo "2261"]
[PlyCount "39"]
[EventDate "2000.11.26"]
[EventType "team"]
[EventRounds "11"]
[EventCountry "HUN"]
[SourceTitle "EXT 2007"]
[Source "ChessBase"]
[SourceDate "2006.11.23"]
[SourceVersion "1"]
[SourceVersionDate "2006.11.23"]
[SourceQuality "1"]
[WhiteTeam "Budapest Matador"]
[BlackTeam "Mako"]
[WhiteTeamCountry "HUN"]
[BlackTeamCountry "HUN"]

1. e4 d6 2. d4 g6 3. Nc3 Bg7 4. g3 c6 5. Bg2 b5 6. a3 a6 7. Nge2 Nf6 8. h3 Bb7 9. Be3 Nbd7 10. 0-0 0-0 11. Qd2 Qc7 12. Bh6 c5 13. Bxg7 Kxg7 14. d5 b4 15. Nd1 a5 16. Ne3 Ba6 17. Rfc1 Rfb8 18. c4 bxc3 19. Rxc3 a4 20. Rac1 1/2-1/2

[Event "HUN-chT2 Maroczy 0001"]
[Site "Hungary"]
[Date "2001.01.14"]
[Round "4"]
[White "Beszterczey, Laszlo"]
[Black "Nagy, Janos"]
[Result "1/2-1/2"]
[WhiteElo "2073"]
[BlackElo "2261"]
[PlyCount "56"]
[EventDate "2000.11.26"]
[EventType "team"]
[EventRounds "11"]
[EventCountry "HUN"]
[SourceTitle "EXT 2007"]
[Source "ChessBase"]
[SourceDate "2006.11.23"]
[SourceVersion "1"]
[SourceVersionDate "2006.11.23"]
[SourceQuality "1"]
[WhiteTeam "Foti"]
[BlackTeam "Mako"]
[WhiteTeamCountry "HUN"]
[BlackTeamCountry "HUN"]

1. g3 c5 2. Bg2 Nc6 3. d3 g6 4. e4 Bg7 5. Ne2 e6 6. 0-0 Nge7 7. Nbc3 0-0 8. Bd2 d5 9. Qc1 dxe4 10. Nxe4 Qb6 11. Rb1 Nf5 12. c3 Bd7 13. g4 Nfe7 14. Be3 Ne5 15. Nxc5 Nxg4 16. Nxd7 Qc7 17. Bf4 Qxd7 18. d4 Nd5 19. Bd2 Qd6 20. Ng3 f5 21. h3 Ngf6 22. Re1 f4 23. Nf1 Nd7 24. Qd1 b5 25. Qe2 e5 26. Nh2 Rab8 27. Rbd1 exd4 28. cxd4 a6 1/2-1/2

[Event "HUN-chT2 Maroczy 0001"]
[Site "Hungary"]
[Date "2000.12.17"]
[Round "3"]
[White "Nagy, Janos"]
[Black "Palvolgyi, Istvan"]
[Result "1-0"]
[WhiteElo "2261"]
[BlackElo "2224"]
[PlyCount "111"]
[EventDate "2000.11.26"]
[EventType "team"]
[EventRounds "11"]
[EventCountry "HUN"]
[SourceTitle "EXT 2007"]
[Source "ChessBase"]
[SourceDate "2006.11.23"]
[SourceVersion "1"]
[SourceVersionDate "2006.11.23"]
[SourceQuality "1"]
[WhiteTeam "Mako"]
[BlackTeam "Godollo"]
[WhiteTeamCountry "HUN"]
[BlackTeamCountry "HUN"]

1. e4 e5 2. Nf3 Nc6 3. Bc4 Be7 4. 0-0 Nf6 5. Nc3 0-0 6. d3 d6 7. h3 Na5 8. Bb3 Nxb3 9. axb3 Re8 10. Bd2 Bf8 11. b4 Bd7 12. Ra3 a6 13. Nh2 h6 14. f4 exf4 15. Bxf4 Be6 16. Qf3 d5 17. e5 Nh7 18. Na2 c5 19. c3 d4 20. bxc5 dxc3 21. b4 a5 22. Nxc3 axb4 23. Rxa8 Qxa8 24. Ne4 b3 25. Nd6 Bxd6 26. exd6 Qa4 27. Be5 Qb5 28. Bd4 Qd7 29. Qg3 f6 30. Nf3 Kh8 31. Nd2 Rd8 32. Ne4 Bf5 33. Nc3 Be6 34. Qf4 Ra8 35. Ne4 Rf8 36. Qc1 Bd5 37. Nc3 Be6 38. Qa3 Ng5 39. Ne4 Nxe4 40. dxe4 Bf7 41. e5 fxe5 42. Bxe5 Qe6 43. Qb2 Rg8 44. Rf3 Kh7 45. Kh2 Qd5 46. Bd4 b6 47. cxb6 Qxd6+ 48. Be5 Qd5 49. Rg3 Qc6 50. Qf2 Qd5 51. Qf5+ Kh8 52. Rg6 Qxe5+ 53. Qxe5 Bxg6 54. b7 b2 55. Qxb2 Rb8 56. Qc3 1-0

[Event "Erkel Memorial op"]
[Site "Gyula"]
[Date "2000.11.03"]
[Round "6"]
[White "Nagy, Janos"]
[Black "Vujosevic, Vladimir"]
[Result "1-0"]
[WhiteElo "2261"]
[BlackElo "2413"]
[PlyCount "151"]
[EventDate "2000.10.??"]
[EventType "swiss"]
[EventRounds "9"]
[EventCountry "HUN"]
[SourceTitle "EXT 2004"]
[Source "ChessBase"]
[SourceDate "2003.11.25"]
[SourceVersion "1"]
[SourceVersionDate "2003.11.25"]
[SourceQuality "1"]

1. e4 e5 2. Nf3 Nc6 3. Bc4 Nf6 4. Nc3 Nxe4 5. Nxe4 d5 6. Bd3 dxe4 7. Bxe4 Bd6 8. 0-0 0-0 9. d3 Ne7 10. Nd2 f5 11. Bf3 c6 12. Nc4 Bc7 13. Re1 Ng6 14. Bh5 Qf6 15. Bxg6 hxg6 16. Qe2 Re8 17. Bf4 Be6 18. Bxe5 Qf7 19. Bxc7 Bxc4 20. Be5 Be6 21. f4 c5 22. b3 Bd5 23. Qf2 b6 24. Re3 Re6 25. Rae1 Rae8 26. Bb2 Bc6 27. Rxe6 Rxe6 28. Re3 Qe7 29. Rxe6 Qxe6 30. Kf1 Kf7 31. Qg3 Qd6 32. Be5 Qd8 33. h4 Qe7 34. h5 Qe6 35. Qxg6+ Qxg6 36. hxg6+ Kxg6 37. Bb8 a6 38. Ba7 c4 39. Bxb6 cxd3 40. cxd3 Kf7 41. g3 Ke6 42. Ke2 Bg2 43. Kd2 Kd5 44. Kc3 Bf3 45. Bd8 Be2 46. Bc7 g6 47. Bd8 Kc5 48. Be7+ Kd5 49. a4 Bd1 50. Bf8 Kc6 51. Kc4 Bc2 52. Kc3 Bd1 53. Kb2 Kd5 54. Bg7 Kc6 55. Kc3 Kd5 56. Bf6 Kc6 57. Kc4 Bc2 58. Be7 Bd1 59. Bc5 Bc2 60. d4 Be4 61. b4 Bd5+ 62. Kc3 Bf3 63. b5+ axb5 64. a5 b4+ 65. Kxb4 Be2 66. Kc3 Kd5 67. Kd2 Ba6 68. Ke3 Ke6 69. Bb6 Bb7 70. Kf2 Kd6 71. Kg1 Ke6 72. Kh2 Ke7 73. Bc5+ Ke6 74. Kh3 Bf3 75. a6 Be2 76. d5+ 1-0

[Event "HUN-chT2 9900"]
[Site "Hungary"]
[Date "2000.01.23"]
[Round "6"]
[White "Nagy, Janos"]
[Black "Lengyel, Laszlo"]
[Result "1-0"]
[WhiteElo "2300"]
[BlackElo "2200"]
[PlyCount "75"]
[EventDate "1999.09.26"]
[EventType "team"]
[EventRounds "11"]
[EventCountry "HUN"]
[SourceTitle "EXT 2002"]
[Source "ChessBase"]
[SourceDate "2001.11.25"]
[SourceVersion "1"]
[SourceVersionDate "2001.11.25"]
[SourceQuality "1"]

1. e4 c5 2. Nf3 g6 3. d4 Bg7 4. Nc3 cxd4 5. Nxd4 Nc6 6. Be3 Nf6 7. Be2 0-0 8. 0-0 d5 9. exd5 Nxd5 10. Nxd5 Nxd4 11. Bc4 Nc6 12. Bc5 Bxb2 13. Rb1 Bg7 14. Re1 Kh8 15. Nxe7 Qxd1 16. Rbxd1 Bg4 17. f3 Nxe7 18. Bxe7 Rfc8 19. Bxf7 Bf5 20. c4 Rc7 21. Bd5 Bf8 22. Bf6+ Bg7 23. Re7 Rxe7 24. Bxe7 Re8 25. Bxb7 Rxe7 26. Rd8+ Bf8 27. Rxf8+ Kg7 28. Rb8 Re2 29. Bd5 Rxa2 30. g4 Bd3 31. g5 h5 32. c5 Ra5 33. Rb7+ Kh8 34. Rc7 Bf5 35. Kf2 h4 36. Ke3 Rb5 37. Kd4 a5 38. Rb7 1-0

[Event "Erkel Memorial op"]
[Site "Gyula"]
[Date "2000.??.??"]
[Round "?"]
[White "Somborski, Nebojsa"]
[Black "Nagy, Janos"]
[Result "1-0"]
[WhiteElo "2325"]
[BlackElo "2260"]
[PlyCount "43"]
[EventDate "2000.10.??"]
[EventType "swiss"]
[EventRounds "9"]
[EventCountry "HUN"]
[SourceTitle "EXT 2004"]
[Source "ChessBase"]
[SourceDate "2003.11.25"]
[SourceVersion "1"]
[SourceVersionDate "2003.11.25"]
[SourceQuality "1"]

1. e4 d6 2. d4 g6 3. Nc3 Bg7 4. Nf3 c6 5. Be2 b5 6. a3 a6 7. 0-0 Bg4 8. Be3 Nd7 9. Ng5 Bxe2 10. Qxe2 h6 11. Nh3 Ngf6 12. f4 Nb6 13. f5 g5 14. e5 Nfd5 15. f6 exf6 16. exf6 Bxf6 17. Bxg5+ Be7 18. Nxd5 Nxd5 19. Qh5 Rh7 20. Bxe7 Nxe7 21. Ng5 Rg7 22. Ne6 1-0

[Event "HUN-chT2 9900"]
[Site "Hungary"]
[Date "1999.11.21"]
[Round "5"]
[White "Varga, Csaba"]
[Black "Nagy, Janos"]
[Result "1-0"]
[WhiteElo "2179"]
[BlackElo "2300"]
[PlyCount "71"]
[EventDate "1999.09.26"]
[EventType "team"]
[EventRounds "11"]
[EventCountry "HUN"]
[SourceTitle "EXT 2002"]
[Source "ChessBase"]
[SourceDate "2001.11.25"]
[SourceVersion "1"]
[SourceVersionDate "2001.11.25"]
[SourceQuality "1"]

1. e4 c5 2. Nf3 Nc6 3. d4 cxd4 4. Nxd4 Nf6 5. Nc3 e5 6. Ndb5 d6 7. Bg5 a6 8. Na3 b5 9. Nd5 Be7 10. Bxf6 Bxf6 11. Nxf6+ Qxf6 12. Qd5 Bb7 13. Rd1 Ke7 14. c3 Rab8 15. Qd2 Rhd8 16. Nc2 Kf8 17. Ne3 Ne7 18. Nd5 Qh4 19. Qe3 Nxd5 20. exd5 Qa4 21. Bd3 Qxa2 22. Bxh7 Qxb2 23. 0-0 Qa3 24. Be4 Qc5 25. Qg5 Qc4 26. Rfe1 Qc7 27. Re3 Qe7 28. Qh5 Qf6 29. Rf3 g6 30. Bxg6 Qxf3 31. Qxf3 Rd7 32. Qf6 Rbd8 33. Rd3 Ke8 34. Bf5 Rc7 35. Rh3 Bxd5 36. Rh8# 1-0

[Event "HUN-chT2 9900"]
[Site "Hungary"]
[Date "1999.11.14"]
[Round "4"]
[White "Nagy, Janos"]
[Black "Bai, Attila"]
[Result "1/2-1/2"]
[WhiteElo "2300"]
[BlackElo "2260"]
[PlyCount "104"]
[EventDate "1999.09.26"]
[EventType "team"]
[EventRounds "11"]
[EventCountry "HUN"]
[SourceTitle "EXT 2002"]
[Source "ChessBase"]
[SourceDate "2001.11.25"]
[SourceVersion "1"]
[SourceVersionDate "2001.11.25"]
[SourceQuality "1"]

1. e4 c5 2. Nf3 Nc6 3. d4 cxd4 4. Nxd4 Nf6 5. Nc3 e5 6. Ndb5 d6 7. a4 Be6 8. Bg5 a6 9. Na3 Qb6 10. Bxf6 Qxb2 11. Ncb5 axb5 12. Nxb5 Qb4+ 13. c3 Qxe4+ 14. Be2 Rc8 15. f3 Qg6 16. Bh4 Qxg2 17. Rf1 Qxh2 18. Bf2 d5 19. Bb6 Qh4+ 20. Kd2 d4 21. cxd4 Bb4+ 22. Ke3 exd4+ 23. Nxd4 0-0 24. Rh1 Qg5+ 25. Kf2 Nxd4 26. Bxd4 Rfd8 27. Be3 Bc5 28. Qc1 Bc4 29. Bxc4 Bxe3+ 30. Qxe3 Qxe3+ 31. Kxe3 Rxc4 32. Rhb1 Rd7 33. a5 g6 34. Rb5 h5 35. f4 Re7+ 36. Kf3 Rc3+ 37. Kf2 Rd7 38. f5 Rd2+ 39. Kg1 Rg3+ 40. Kh1 Rh3+ 41. Kg1 Rdh2 42. Ra4 Rh1+ 43. Kg2 R3h2+ 44. Kf3 Rh3+ 45. Kg2 Rh4 46. fxg6 fxg6 47. a6 b6 48. Rxh4 Rxh4 49. Ra5 Rg4+ 50. Kh3 bxa5 51. a7 a4 52. a8Q+ Kf7 1/2-1/2

[Event "Erkel Memorial op"]
[Site "Gyula"]
[Date "1999.11.07"]
[Round "4"]
[White "Frink, Ferenc"]
[Black "Nagy, Janos"]
[Result "1-0"]
[WhiteElo "2194"]
[BlackElo "2300"]
[PlyCount "75"]
[EventDate "1999.11.??"]
[EventType "swiss"]
[EventRounds "9"]
[EventCountry "HUN"]
[SourceTitle "EXT 2004"]
[Source "ChessBase"]
[SourceDate "2003.11.25"]
[SourceVersion "1"]
[SourceVersionDate "2003.11.25"]
[SourceQuality "1"]

1. e4 c5 2. Nf3 Nc6 3. d4 cxd4 4. Nxd4 Nf6 5. Nc3 e5 6. Ndb5 d6 7. Bg5 a6 8. Bxf6 gxf6 9. Na3 b5 10. Nd5 f5 11. Bd3 Be6 12. c3 Bg7 13. Qh5 Rb8 14. Rd1 f4 15. g3 Bxd5 16. exd5 Ne7 17. gxf4 b4 18. cxb4 e4 19. Bxe4 Rxb4 20. Qf3 Rxb2 21. 0-0 Rxa2 22. Nc4 0-0 23. Qb3 Ra5 24. Nxa5 Qxa5 25. Qh3 f5 26. Bg2 Ng6 27. Qe3 Qd8 28. Rfe1 a5 29. Qg3 a4 30. Re6 Qb6 31. h4 Qb3 32. Rd3 Qb1+ 33. Bf1 Rc8 34. Rde3 Rc1 35. Qg2 a3 36. Rxa3 Qb7 37. Rg3 Nxf4 38. Rxg7+ 1-0

[Event "Erkel Memorial op"]
[Site "Gyula"]
[Date "1999.11.04"]
[Round "1"]
[White "Nagy, Janos"]
[Black "Botos, Jozsef"]
[Result "1/2-1/2"]
[WhiteElo "2300"]
[BlackElo "2099"]
[PlyCount "41"]
[EventDate "1999.11.??"]
[EventType "swiss"]
[EventRounds "9"]
[EventCountry "HUN"]
[SourceTitle "EXT 2004"]
[Source "ChessBase"]
[SourceDate "2003.11.25"]
[SourceVersion "1"]
[SourceVersionDate "2003.11.25"]
[SourceQuality "1"]

1. e4 c6 2. d4 d5 3. f3 e5 4. dxe5 Bc5 5. exd5 Qb6 6. Nh3 Bxh3 7. gxh3 Bf2+ 8. Ke2 Bh4 9. Be3 Qxb2 10. Qd4 Qxd4 11. Bxd4 cxd5 12. f4 Nc6 13. c3 Nge7 14. Nd2 Nf5 15. Nf3 Bd8 16. Rd1 Ba5 17. h4 Rc8 18. Bf2 Nce7 19. Bh3 Rxc3 20. Bxf5 Nxf5 21. Rxd5 1/2-1/2

[Event "HUN-chT2 9900"]
[Site "Hungary"]
[Date "1999.10.17"]
[Round "3"]
[White "Kosa, Peter"]
[Black "Nagy, Janos"]
[Result "0-1"]
[WhiteElo "2134"]
[BlackElo "2300"]
[PlyCount "84"]
[EventDate "1999.09.26"]
[EventType "team"]
[EventRounds "11"]
[EventCountry "HUN"]
[SourceTitle "EXT 2002"]
[Source "ChessBase"]
[SourceDate "2001.11.25"]
[SourceVersion "1"]
[SourceVersionDate "2001.11.25"]
[SourceQuality "1"]

1. e4 c5 2. Nf3 Nc6 3. d4 cxd4 4. Nxd4 Nf6 5. Nc3 e5 6. Ndb5 d6 7. Bg5 a6 8. Na3 b5 9. Bxf6 gxf6 10. Nd5 f5 11. Bd3 Be6 12. Qh5 Rb8 13. 0-0 f4 14. c3 Bg7 15. g3 Bxd5 16. exd5 Ne7 17. Be4 b4 18. Nc2 bxc3 19. bxc3 a5 20. Rab1 Rc8 21. gxf4 exf4 22. Nd4 Ng6 23. Bf5 Ra8 24. Rfe1+ Kf8 25. Nc6 Qh4 26. Bxg6 hxg6 27. Qxh4 Rxh4 28. c4 Bf6 29. Re4 Kg7 30. Rb8 Rxb8 31. Nxb8 Be5 32. f3 f5 33. Re2 Bd4+ 34. Kg2 g5 35. Nc6 Be3 36. Nxa5 g4 37. Rb2 Rh3 38. fxg4 fxg4 39. Nb7 f3+ 40. Kf1 g3 41. Nxd6 Kg6 42. Ne4 gxh2 0-1

[Event "HUN-chT2 9900"]
[Site "Hungary"]
[Date "1999.09.26"]
[Round "1"]
[White "Kovacs, Adrian"]
[Black "Nagy, Janos"]
[Result "1-0"]
[WhiteElo "2166"]
[BlackElo "2300"]
[PlyCount "81"]
[EventDate "1999.09.26"]
[EventType "team"]
[EventRounds "11"]
[EventCountry "HUN"]
[SourceTitle "EXT 2002"]
[Source "ChessBase"]
[SourceDate "2001.11.25"]
[SourceVersion "1"]
[SourceVersionDate "2001.11.25"]
[SourceQuality "1"]

1. c4 g6 2. Nf3 Bg7 3. Nc3 d6 4. g3 Nf6 5. Bg2 0-0 6. Rb1 c5 7. 0-0 Nc6 8. b3 d5 9. cxd5 Nxd5 10. Nxd5 Qxd5 11. Bb2 Qh5 12. Bxg7 Kxg7 13. Qc2 f6 14. Rbc1 b6 15. d4 Nb4 16. Qe4 Bf5 17. Qxe7+ Rf7 18. Qe3 Nxa2 19. Rc4 Bd7 20. dxc5 Bb5 21. Qd2 Bxc4 22. bxc4 Qxc5 23. Qxa2 Rc8 24. Nd2 Re7 25. e3 Rd8 26. Qb2 Red7 27. Bd5 h5 28. Ne4 Qe7 29. Ng5 Rd6 30. Nf3 a6 31. Nd4 Qd7 32. e4 h4 33. f4 b5 34. f5 bxc4 35. Ne6+ Rxe6 36. fxe6 Qe7 37. Rb1 hxg3 38. hxg3 Qd6 39. Kg2 g5 40. Qb7+ Kg6 41. Qf7+ 1-0

[Event "Nyiregyhaza op"]
[Site "Nyiregyhaza"]
[Date "1999.07.10"]
[Round "1"]
[White "Acs, Gabor"]
[Black "Nagy, Janos"]
[Result "0-1"]
[WhiteElo "2198"]
[BlackElo "2300"]
[PlyCount "74"]
[EventDate "1999.07.??"]
[EventType "swiss"]
[EventRounds "9"]
[EventCountry "HUN"]
[SourceTitle "EXT 2004"]
[Source "ChessBase"]
[SourceDate "2003.11.25"]
[SourceVersion "1"]
[SourceVersionDate "2003.11.25"]
[SourceQuality "1"]

1. e4 c5 2. c3 Nc6 3. d4 d6 4. Nf3 Bg4 5. Be2 e6 6. h3 Bxf3 7. Bxf3 Nge7 8. 0-0 g6 9. Be3 b6 10. Qa4 Qd7 11. Rd1 Nb8 12. Qb3 Qc7 13. Na3 a6 14. Nc4 b5 15. Nxd6+ Qxd6 16. e5 Qc7 17. Bxa8 c4 18. Qc2 Nbc6 19. Qe4 Bg7 20. Bxc6+ Qxc6 21. Qxc6+ Nxc6 22. d5 Nxe5 23. dxe6 fxe6 24. Bd4 0-0 25. Bxe5 Bxe5 26. Re1 Rf5 27. g4 Rg5 28. Re4 Bc7 29. Rd1 Rd5 30. Rxd5 exd5 31. Rd4 b4 32. Rxd5 bxc3 33. bxc3 Bb6 34. Rd8+ Bxd8 35. f4 Bc7 36. f5 gxf5 37. gxf5 Kf7 0-1

[Event "HUN-ch op"]
[Site "Pecs"]
[Date "1998.??.??"]
[Round "5"]
[White "Nagy, Janos"]
[Black "Horvath, Gyula"]
[Result "0-1"]
[WhiteElo "2260"]
[BlackElo "2465"]
[PlyCount "50"]
[EventDate "1998.??.??"]
[EventType "swiss"]
[EventRounds "9"]
[EventCountry "HUN"]
[SourceTitle "EXT 2000"]
[Source "ChessBase"]
[SourceDate "1999.11.16"]
[SourceVersion "1"]
[SourceVersionDate "1999.11.16"]
[SourceQuality "1"]

1. e4 c5 2. Nf3 d6 3. d4 cxd4 4. Nxd4 Nf6 5. Nc3 a6 6. a4 g6 7. Be2 Bg7 8. Be3 0-0 9. 0-0 Nbd7 10. f4 Qc7 11. Bf3 e5 12. Nb3 exf4 13. Bxf4 Ne5 14. Be2 Be6 15. Nd5 Bxd5 16. exd5 Rfe8 17. a5 Nc4 18. Bxc4 Qxc4 19. Bxd6 Rad8 20. Rf4 Re4 21. Ra4 Qxa4 22. Nc5 Rxf4 23. Nxa4 Rxa4 24. b3 Rxa5 25. Qe1 Rxd5 0-1

[Event "HUN-chT2 9798"]
[Site "Hungary"]
[Date "1998.??.??"]
[Round "?"]
[White "Nagy, Janos"]
[Black "Juhasz, Bela"]
[Result "1/2-1/2"]
[WhiteElo "2295"]
[BlackElo "2225"]
[PlyCount "38"]
[EventDate "1997.??.??"]
[EventType "team"]
[EventRounds "11"]
[EventCountry "HUN"]
[SourceTitle "EXT 1999"]
[Source "ChessBase"]
[SourceDate "1998.11.16"]
[SourceVersion "1"]
[SourceVersionDate "1998.11.16"]
[SourceQuality "1"]

1. e4 c5 2. Nf3 e6 3. d4 cxd4 4. Nxd4 a6 5. Be3 Nf6 6. Nd2 d6 7. N4b3 Nbd7 8. f4 Be7 9. Be2 0-0 10. 0-0 Qc7 11. Bf3 Re8 12. Rf2 e5 13. f5 Bf8 14. c4 b5 15. Rc1 Qd8 16. Qc2 Bb7 17. cxb5 axb5 18. Qb1 d5 19. exd5 Nxd5 1/2-1/2

[Event "HUN-ch op"]
[Site "Pecs"]
[Date "1998.??.??"]
[Round "3"]
[White "Nagy, Janos"]
[Black "Molnar, B."]
[Result "1/2-1/2"]
[WhiteElo "2260"]
[BlackElo "2365"]
[PlyCount "71"]
[EventDate "1998.??.??"]
[EventType "swiss"]
[EventRounds "9"]
[EventCountry "HUN"]
[SourceTitle "EXT 2000"]
[Source "ChessBase"]
[SourceDate "1999.11.16"]
[SourceVersion "1"]
[SourceVersionDate "1999.11.16"]
[SourceQuality "1"]

1. e4 c5 2. Nf3 d6 3. d4 cxd4 4. Nxd4 Nf6 5. Nc3 g6 6. Be2 Bg7 7. Be3 0-0 8. 0-0 b6 9. f4 Bb7 10. Bf3 Nbd7 11. Re1 Rc8 12. Bf2 Rc4 13. Nb3 Qa8 14. Nd2 Rcc8 15. e5 dxe5 16. fxe5 Nd5 17. Nxd5 Bxd5 18. Bxd5 Qxd5 19. Nf3 Qb7 20. e6 fxe6 21. Bd4 Bxd4+ 22. Nxd4 e5 23. Nf3 Qc6 24. c3 e4 25. Nd4 Qd5 26. Qb3 Rc4 27. Rad1 Nc5 28. Qb5 a6 29. Qxb6 Nd3 30. Ne6 Rc6 31. Qd4 Qxe6 32. Rxe4 Qxa2 33. Rxe7 Rcf6 34. Qxd3 Qxb2 35. Qd5+ Kh8 36. Qd4 1/2-1/2